| 000 | 00522cam a22002171 4500 | ||
|---|---|---|---|
| 001 | sa 67002253 | ||
| 003 | DLC | ||
| 005 | 20260227112329.0 | ||
| 008 | 890524s1966 ii 000 0 urdr | ||
| 010 | _asa 67002253 | ||
| 035 | _a(OCoLC)19759376 | ||
| 040 |
_aDLC _cWaU _dDLC |
||
| 042 | _apremarc | ||
| 050 | 0 | 0 |
_aPK2098.S7 _bZ595 |
| 100 | 1 | _aGopal, Madan. | |
| 245 | 1 | 0 | _aQalam kā mazdūr -- Prem Cand. |
| 260 | _c[1966] | ||
| 300 |
_a215 p. _c18 cm. |
||
| 500 | _aIn Urdu. | ||
| 600 | 0 | 0 |
_aPremacanda, _d1881-1936. |
| 999 |
_c73158 _d73158 |
||